000 00563nam a22002057a 4500
003 0
005 20241014122518.0
008 241014b xxu||||| |||| 00| 0 eng d
020 _a9781394199198
050 _aNC 730
_b.P53 2023
100 _aPlatt, Jamie,
_eauthor.
245 _aDrawing For Dummies /
_cJamie Platt.
250 _a3rd ed.
260 _aIndianapolis :
_bJohn Wiley and Sons,
_c2023.
300 _ax, 340 p. :
_bill. ;
_c24 cm.
440 _aLearning Mafe Easy.
504 _aIncludes index.
650 _aDrawing technique.
942 _2lcc
_cBK
999 _c366528
_d366528